| 000 | 00860nam a22002057a 4500 | ||
|---|---|---|---|
| 999 |
_c7009 _d7009 |
||
| 003 | AR-CdUCM | ||
| 008 | 190319b ||||| |||| 00| 0 spa d | ||
| 020 | _a84-315-3510-5 | ||
| 040 |
_aMUNICIPALIDAD PROVINCIAL DEL CUSCO _cBIBLIOTECA MUNICIPAL DEL CUSCO |
||
| 082 |
_a635 / _bB65 |
||
| 100 |
_aBo, L. M. Del _919749 |
||
| 245 |
_aEl huerto y el jardín : _bPlantas de huerto y pleno campo, leguminosas, plantas aromáticas, la lucha contra los parásitos / |
||
| 260 |
_aBarcelona : _bDe vecchi, _c1976. |
||
| 300 |
_a240 páginas ; _bIlustraciones, _c20.5 cm. |
||
| 505 | _aEl huerto -- Como se logra un buen huerto -- Plantas hortícolas en pleno campo -- El huerto familiar -- El jardín -- Como conseguir un buen jardín -- Flores magnificas ... | ||
| 650 |
_aHorticultura _919445 |
||
| 650 |
_aJardinería _919750 |
||
| 942 |
_2ddc _cLIBROS |
||
| 945 | _aacv | ||